Statystyki dla Quiz o Wielkiej Brytanii

Kliknij tutaj aby rozwiązać quiz!

Ogólne statystyki

  • Ten quiz został rozwiązany 12 996 razy
  • Średni wynik to 13 z 24

Statystyki odpowiedzi

WskazówkaOdpowiedź% Poprawnych
Jedyne państwo graniczące
(wykluczając terytoria zależne)
Irlandia
98%
Cztery kraje stanowiące część
Zjednoczonego Królestwa
Anglia
97%
Stolice powyższych krajówLondyn
96%
Cztery kraje stanowiące część
Zjednoczonego Królestwa
Szkocja
96%
Cztery kraje stanowiące część
Zjednoczonego Królestwa
Walia
95%
Cztery kraje stanowiące część
Zjednoczonego Królestwa
Irlandia Północna
87%
Jednostka monetarnaFunt szterling
83%
Aktualny monarchaKról Karol III
79%
Stolice powyższych krajówEdynburg
66%
Zbiornik wodny oddzielający Francję
od Wielkiej Brytanii
Kanał {La Manche}
63%
Najstarszy uniwersytetOksford
60%
Stolice powyższych krajówCardiff
49%
Stolice powyższych krajówBelfast
47%
Nazwa miejsca, w którym mieszkaPałac Buckingham
46%
Obecny premierRishi Sunak
42%
Hymn narodowyGod Save the King
39%
Państwo, z którego pochodzi
najwięcej Brytyjczyków
urodzonych za granicą
Indie
37%
Dwie izby parlamentuIzba {Lordów}
35%
Dwie izby parlamentuIzba {Gmin}
24%
Najbardziej ruchliwy port lotniczyLondyn-Heathrow
24%
Gmina (borough) na południku
zerowym, w której znajduje się
Królewskie Obserwatorium
Greenwich
23%
Najdłuższa rzekaSevern
10%
Najwyższa budowlaThe Shard
9%
Najwyższa góraBen Nevis
8%

Rozkład punktacji

Percentyl według liczby udzielonych odpowiedzi

Procent ludzi z każdym wynikiem

Twoja historia wyników

Nie rozwiązałeś tego quizu